000 00558nam a2200193Ia 4500
003 GCL
008 140319s9999 xx 000 0 ara d
040 _aGCL /
_cGCL
082 0 4 _a818.03
_bا م
100 1 _aابراهيم مدكور
245 1 0 _aمع الايام شىء من الذكريات /
_cابراهيم مدكور
260 _a[S.N] :
_bدار المعارف ،
_c1991
300 _a112 ص
490 _a
650 0 4 _aالادب العربى
650 0 4 _aالمذكرات
650 0 4 _aالتراجم الذاتية
942 _2ddc
_cBK
999 _c27565
_d27565